<?xml version="1.0" encoding="UTF-8"?>
<record
    xmlns:xsi="http://www.w3.org/2001/XMLSchema-instance"
    xsi:schemaLocation="http://www.loc.gov/MARC21/slim http://www.loc.gov/standards/marcxml/schema/MARC21slim.xsd"
    xmlns="http://www.loc.gov/MARC21/slim">

  <leader>02417agaaa2200325   4500</leader>
  <controlfield tag="001">3885</controlfield>
  <controlfield tag="003">IT-RoPAU</controlfield>
  <controlfield tag="005">20220918181222.0</controlfield>
  <controlfield tag="007">d cvaizq</controlfield>
  <controlfield tag="008">50131s9999||||xx ||| |     ||   ||und||</controlfield>
  <datafield tag="040" ind1=" " ind2=" ">
    <subfield code="a">IT-RoPAU</subfield>
    <subfield code="c">IT-RoPAU</subfield>
  </datafield>
  <datafield tag="041" ind1=" " ind2=" ">
    <subfield code="a">ITALIANO</subfield>
  </datafield>
  <datafield tag="100" ind1=" " ind2=" ">
    <subfield code="a">Di Diodato Roberto</subfield>
    <subfield code="g">Codice regista SPICS: 55765</subfield>
    <subfield code="9">36526</subfield>
  </datafield>
  <datafield tag="130" ind1=" " ind2=" ">
    <subfield code="a">CAMMINO DI DIO CON L'UOMO (IL) - LA TERRA DOVE SCORRE LATTE E MIELE</subfield>
    <subfield code="9">36527</subfield>
  </datafield>
  <datafield tag="245" ind1=" " ind2=" ">
    <subfield code="a">CAMMINO DI DIO CON L'UOMO (IL) - LA TERRA DOVE SCORRE LATTE E MIELE</subfield>
    <subfield code="c">Prodotto da: Telenova Sat2000 Ita Diretto da: Di Diodato Roberto</subfield>
    <subfield code="p">CAMMINO DI DIO CON L'UOMO (IL) - LA TERRA DOVE SCORRE LATTE E MIELE (Rif. Codice opera principale : H3885)</subfield>
  </datafield>
  <datafield tag="250" ind1=" " ind2=" ">
    <subfield code="a">Edizione Standard</subfield>
  </datafield>
  <datafield tag="260" ind1=" " ind2=" ">
    <subfield code="a">MILANO (ITALIA)</subfield>
    <subfield code="b">MULTIMEDIA SAN PAOLO / </subfield>
    <subfield code="g">"2003 (1&#xB0; ed.: 2003 ; Ed. Lingua Orig.: 2003)"</subfield>
  </datafield>
  <datafield tag="300" ind1=" " ind2=" ">
    <subfield code="a">VHS</subfield>
    <subfield code="b">sonoro, col.</subfield>
    <subfield code="c">55 minuti</subfield>
  </datafield>
  <datafield tag="508" ind1=" " ind2=" ">
    <subfield code="a">"Fotografia: Soetje Russo Melis; Montaggio: Maurizio Alba; Musica: AA.VV. ; Soggetto: Borgonovo Gianantonio -- Gironi Primo"</subfield>
  </datafield>
  <datafield tag="520" ind1=" " ind2=" ">
    <subfield code="a">"""IL CAMMINO DI DIO CON L'UOMO"" E' LA PIU' RECENTE E APPROFONDITA INDAGINE SULLE PAGINE PIU' DIFFICILI E MENO CONOSCIUTE DELL'ANTICO TESTAMENTO. UNA SPECIE DI GRANDE QUARK CHE INTENDE AVVICINARE LA GENTE ALLA PAROLA DI DIO PER FARNE SCOPRIRE IL FASCINO ETERNO E MISTERIOSO. LE IMMAGINI SONO STATE GIRATE NEI LUOGHI PIU' IMPORTANTI E NEI SITI ARCHEOLOGICI PIU' ANTICHI E SUGGESTIVI DEL VICINO ANTICO ORIENTE. DOCUMENTARIO A COLORI. EVENTI TRATTATI: 1.IL DECALOGO E SUO RAPPORTO CON LE LEGGI ITTITE E BABILONESI; 2. IL PERIODOSTORICO DELL'INSEDIAMENTO NELLA TERRA PROMESSA; 3. INVASIONE ARMATA O PACIFICA INFILTRAZIONE?; 4. GERICO, LA CITTA' PIU' ANTICA DEL MONDO; 5. IL PERCORSO E LE TAPPE DELLA CONQUISTA; 6. L'ARCA, SEGNO DELLA PRESENZA DI DIO; 7.L'USO DEL KHEREM; 8. IL SOLE SI FERMA A GABAON?; 9. LA DISTRIBUZIONE DELLATERRA."</subfield>
  </datafield>
  <datafield tag="538" ind1=" " ind2=" ">
    <subfield code="a">PAL, STEREO</subfield>
  </datafield>
  <datafield tag="546" ind1=" " ind2=" ">
    <subfield code="a">ITALIANO</subfield>
  </datafield>
  <datafield tag="650" ind1=" " ind2=" ">
    <subfield code="a">DOCUMENTARIO</subfield>
    <subfield code="e">FILMS [VHS]</subfield>
    <subfield code="x">Codice MATERIA SPICS: 9960</subfield>
    <subfield code="9">34095</subfield>
  </datafield>
  <datafield tag="700" ind1=" " ind2=" ">
    <subfield code="a">AA.VV. </subfield>
    <subfield code="e">(musica)</subfield>
    <subfield code="g">Codice Musica SPICS: 12000</subfield>
    <subfield code="9">36528</subfield>
  </datafield>
  <datafield tag="700" ind1=" " ind2=" ">
    <subfield code="a">Borgonovo Gianantonio </subfield>
    <subfield code="e">(soggetto)</subfield>
    <subfield code="g">Codice Soggetto SPICS: 57465</subfield>
    <subfield code="9">36529</subfield>
  </datafield>
  <datafield tag="700" ind1=" " ind2=" ">
    <subfield code="a">Di Diodato Roberto </subfield>
    <subfield code="e">(regista)</subfield>
    <subfield code="g">Codice regista SPICS: 55765</subfield>
    <subfield code="9">36530</subfield>
  </datafield>
  <datafield tag="700" ind1=" " ind2=" ">
    <subfield code="a">Gironi Primo </subfield>
    <subfield code="e">(soggetto)</subfield>
    <subfield code="g">Codice Soggetto 2&#xB0; SPICS: 34827</subfield>
    <subfield code="9">36531</subfield>
  </datafield>
  <datafield tag="700" ind1=" " ind2=" ">
    <subfield code="a">Giuliani Stefania</subfield>
    <subfield code="e">(regista)</subfield>
    <subfield code="g">Codice secondo regista SPICS: 57464</subfield>
    <subfield code="9">36532</subfield>
  </datafield>
  <datafield tag="942" ind1=" " ind2=" ">
    <subfield code="c">VH</subfield>
    <subfield code="2">ddc</subfield>
  </datafield>
  <datafield tag="999" ind1=" " ind2=" ">
    <subfield code="c">104583</subfield>
    <subfield code="d">104583</subfield>
  </datafield>
  <datafield tag="952" ind1=" " ind2=" ">
    <subfield code="0">0</subfield>
    <subfield code="1">0</subfield>
    <subfield code="4">0</subfield>
    <subfield code="6">H_3885_000000000000000</subfield>
    <subfield code="7">1</subfield>
    <subfield code="a">SPICS</subfield>
    <subfield code="b">SPICS</subfield>
    <subfield code="d">2015-01-31</subfield>
    <subfield code="l">0</subfield>
    <subfield code="o">H3885</subfield>
    <subfield code="r">2015-01-31 00:00:00</subfield>
    <subfield code="w">2015-01-31</subfield>
    <subfield code="y">VH</subfield>
    <subfield code="z">Progr. Ins.: 3099 / N.Vol.:1 / Copie: 1 / Pag.:0 / Copia rara: n.d. / date import: 1.2.2015 / By Epidotti, Trombetti, Vaglietti</subfield>
  </datafield>
</record>
